000 00640nam a22001937a 4500
005 20170124115003.0
010 _aENG-117143
020 _a9789350356920
_c295.00
035 _aEN-100675
037 _bDBAD/PUB
082 _a343.0526
100 _aLakhotia,Subhash
245 _aIncome tax guide for the taxpayer :
_cby Subhash Lakhotia
_b(assessment year 2017-2018) /
250 _a52nd ed.
260 _aGurgaon
_bLexisNexis
_c2016
270 _a14th Floor, Building No.10, Tower-B, DLF Cyber City, Phase-II
_bGurgaon (Haryana)
_e122002
300 _axi,163p. :
_b21 cm(Hb)
_cill
942 _2ddc
_cEN
_h343.0526
_mLAK
999 _c137191
_d137191